| 000 | 00000nam##2200000za#4500 |
| 001 | 9.590372 |
| 003 | CaOODSP |
| 005 | 20210624200108 |
| 007 | cr ||||||||||| |
| 008 | 150406|1986||||xxc|||||o f|0| 0 fre|d |
| 040 | |aCaOODSP|bfre |
| 041 | |aeng |
| 041 | |afre |
| 043 | |an-cn--- |
| 086 | 1 |aS52-2/144-1986-PDF |
| 110 | 1 |aCanada.|bTravaux publics et Services gouvernementaux Canada.|bBureau de la traduction. |
| 245 | 10|aTitres de lois fédérales |h[ressource électronique] |
| 250 | |a4e éd. |
| 260 | |aOttawa - Ontario : |bTravaux publics et Services gouvernementaux Canada. |c1986. |
| 300 | |a132p. |
| 490 | 1 |aBulletin de terminologie |vN° 144-1986 |
| 500 | |aÉdition numérisée de l'imprimé. [Produit par les Éditions et Services de dépôt, 2014.] Sur la p. de t. : Bureau des traductions, Direction générale de la terminologie et de la documentation. |
| 590 | |a14-22-Supp|b2014-12-24 |
| 791 | |tTitles of federal acts |eeng|w(CaOODSP)9.590371 |
| 830 | #0|aBulletin de terminologie ;|vN° 144-1986|w(CaOODSP)9.500140 |
| 856 | 40|ahttp://publications.gc.ca|qPDF|s1397 Ko|uhttps://publications.gc.ca/collections/collection_2014/tpsgc-pwgsc/S52-2-144-1986.pdf|yN° 144-1986 |